Hold on to your hats (Record no. 83953)

MARC details
000 -LEADER
fixed length control field 01161cab a22002055a 4500
001 - CONTROL NUMBER
control field L156123
008 - FIXED-LENGTH DATA ELEMENTS--GENERAL INFORMATION
fixed length control field 120501e2012 xxk 000 0 eng d
035 ## - SYSTEM CONTROL NUMBER
System control number (Sirsi) u156123
041 0# - LANGUAGE CODE
Language code of text/sound track or separate title eng
100 1# - MAIN ENTRY--PERSONAL NAME
Personal name Phillips, Mike
245 00 - TITLE STATEMENT
Title Hold on to your hats
Remainder of title confidence in property is rising
260 ## - PUBLICATION, DISTRIBUTION, ETC.
Date of publication, distribution, etc. 2012
490 #0 - SERIES STATEMENT
Series statement Property Week
Volume/sequential designation 78(17) 27 April 2012, 20-21(2)
520 ## - SUMMARY, ETC.
Summary, etc. Confidence in commercial property is rising but levels of confidence are still below 2011 according to the latest Lloyds Bank Wholesale Banking and Markets Commercial Property Confidence Monitor. Sentiment rose across all sectors and regions for the prospects of commercial property over the next three to six months. Large scale businesses are most likely to grow their investment portfolio. Eurozone remains a concern. The UK regions showed a rare improvement and smaller firms are leading an improvement in expectations. Stark difference between the most favoured sector residential lettings and the least favoured retail.
590 ## - LOCAL NOTE (RLIN)
Local note KA
651 #4 - SUBJECT ADDED ENTRY--GEOGRAPHIC NAME
Geographic name United Kingdom
690 ## - LOCAL SUBJECT ADDED ENTRY--TOPICAL TERM (OCLC, RLIN)
Topical term or geographic name as entry element Commercial property
9 (RLIN) 6227
690 ## - LOCAL SUBJECT ADDED ENTRY--TOPICAL TERM (OCLC, RLIN)
Topical term or geographic name as entry element Residential property
9 (RLIN) 6266
942 ## - ADDED ENTRY ELEMENTS (KOHA)
Suppress in OPAC 0
Holdings
Withdrawn status Lost status Source of classification or shelving scheme Damaged status Not for loan Home library Current library Shelving location Date acquired Total Checkouts Full call number Barcode Date last seen Price effective from Koha item type
    Dewey Decimal Classification     London London Journal article 01/05/2012   L156123 156123-1001 06/08/2019 06/08/2019 Journal